| 000 | 01025nam0a22002651 4500 | ||
|---|---|---|---|
| 001 | rc\75551 | ||
| 005 | 20260406160515.0 | ||
| 010 |
_a5-87135-002-X _bИНАпресс _932000 |
||
| 035 | _a(NLR Aleph) 005346754 | ||
| 090 |
_a6752925 _c6752925 |
||
| 100 | _a20021216d1993 u y0rusy50 ca | ||
| 101 | 0 | _arus | |
| 102 | _aRU | ||
| 105 | _aa ||||||||| | ||
| 200 | 1 |
_aХитроумный идальго Дон Кихот Ламанчский _eРоман _e[Для детей _eПеревод] _fМигель де Сервантес Сааведра _gИл. Г. Доре |
|
| 210 |
_aСПб. _cИНАпресс _cФирма "ЭЛОН" _d1993 |
||
| 215 |
_a535, [11] с. _cил. _d24 |
||
| 300 | _aЗагл. пер.: Дон Кихот | ||
| 300 | _aНа пер. авт. не указан | ||
| 700 | 1 |
_8rus _7ca _aСервантес Сааведра _bМ. де _f1547-1616 _gМигель де _3RU\NLR\AUTH\778257 _9118169 |
|
| 801 | 0 |
_aRU _bNLR _gpsbo |
|
| 801 | 1 |
_aRU _bELAR _2rusmarc |
|
| 852 |
_aNLR _j93-7/613 |
||
| 942 | _cBOOK | ||
| 980 | _aNB | ||